Načítá se...

Modern applied algebra

Podrobná bibliografie
Hlavní autor: Birkhoff, G.
Další autoři: Birkhoff, G.; Bratee, T.C
Médium: Printed Book
Jazyk:English
Vydáno: London Mc Graw Hill 1970
Témata:
LEADER 00546nam a22001697a 4500
003 OSt
008 091029t xxu||||| |||| 00| 0 eng d
080 |a 512.643  |b BIR 
100 |a Birkhoff, G.  |9 999 
245 |a Modern applied algebra  |c G. Birkhoff and T.C. Bratee 
260 |a London  |b Mc Graw Hill  |c 1970 
300 |a xii, 431p. 
653 |a Algebra 
700 |a Birkhoff, G.; Bratee, T.C.  |9 1004 
942 |c BK  |6 _ 
999 |c 216783  |d 216783 
952 |0 0  |1 0  |4 0  |6 512643_BIR  |7 0  |9 280952  |a MAT  |b MAT  |d 2009-10-29  |o 512.643 BIR  |p MAT00050  |r 2009-10-29  |t 1  |w 2009-10-29  |y BK